Doplnkové sporenie po novom Tento rok nás čaká transformácia doplnkových dôchodkových poisťovní

Dôchodková reforma a otvorenie cesty druhému dôchodkovému pilieru vyvolali potrebu legislatívne upraviť niektoré formy sporenia v treťom kapitalizačnom pilieri. Transformácia doplnkových dôchodkových poisťovní na doplnkové dôchodkové sporiteľne. Zmeny vyplývajúce z transformácie pre klienta.

Gespeichert in:
Bibliographische Detailangaben
1. Verfasser: Vanko, Samuel
Format: Buchkapitel
Sprache:Slowakisch
Schlagworte:
Tags: Tag hinzufügen
Keine Tags, Fügen Sie das erste Tag hinzu!

MARC

LEADER 00000naa$a2200000$$$4500
001 0025231
005 20231019082955.7
041 0 |a slo 
044 |a SK 
245 1 0 |a Doplnkové sporenie po novom  |b Tento rok nás čaká transformácia doplnkových dôchodkových poisťovní  |c Samuel Vanko 
520 |a Dôchodková reforma a otvorenie cesty druhému dôchodkovému pilieru vyvolali potrebu legislatívne upraviť niektoré formy sporenia v treťom kapitalizačnom pilieri. Transformácia doplnkových dôchodkových poisťovní na doplnkové dôchodkové sporiteľne. Zmeny vyplývajúce z transformácie pre klienta. 
610 2 0 |a Slovensko 
610 2 0 |a legislatíva 
610 2 0 |a reformy dôchodkové 
610 2 0 |a sporenie obyvateľstva 
610 2 0 |a sporenie dôchodkové doplnkové 
610 2 0 |a spoločnosti správcovské dôchodkové 
610 2 0 |a poisťovne 
610 2 0 |a sporiteľne dôchodkové doplnkové 
610 2 0 |a transformácia podniku 
100 1 |a Vanko, Samuel